000 00666nam a2200253Ia 4500
003 OSt
005 20220924115843.0
006 a|||||r|||| 00| 0
007 ta
008 220923b |||||||| |||| 00| 0 urd d
020 _c2
024 _a322346
037 _cTextual
040 _aARTS
_cARTS
_burd
041 _2urd
_aurd
082 _aR65,6, 168F8
100 _aFaizi Au.
_9179896
245 0 _aTarjuma Gita mausoom be raz-e-maghfirat
260 _aDelhi
_bGita bhawan Kurukshetra India
_c1928
300 _a78p.
_ccm.
650 _aBHAGAVAD GITA
942 _hR65,6, 168F8
_cTEXL
_2CC
999 _c400212
_d400212